000 00673cam a2200229 i 4500
001 BD-DhSAU 1412
003 BD-DhSAU
005 20150115105715.0
008 1 s1979 enka rb 001 0 eng
020 _a058240908X
040 _aBD-DhSAU
082 0 0 _a632.94
_222
_bMAP
100 1 _aMatthews, G. A.
245 1 0 _aPesticide application methods /
_cG. A. Matthews.
260 _aLondon ;
_aNew York :
_bLongman,
_c1979.
300 _a334 p. :
_bill. ;
_c24 cm.
504 _aIncludes bibliographical references and index.
590 _aerfat
650 0 _aPesticides
_xApplication.
650 0 _aSpraying and dusting in agriculture.
650 0 _aSpraying equipment.
942 _2ddc
_cBOOK
999 _c1412
_d1412